[Event "Team men PL final"]
[Site "Sochi"]
[Date "2018.05.04"]
[Round "4.24"]
[White "Vdovin, Maxim"]
[Black "Yumakhuzhin, Vadim"]
[Result "0-1"]
[BlackElo "2184"]
[WhiteElo "2139"]
[LiveChessVersion "1.4.8"]

1. d4 {[%clk 1:30:57]} Nf6 {[%clk 1:30:53]} 2. Nf3 {[%clk 1:31:19]} g6
{[%clk 1:31:16]} 3. c4 {[%clk 1:31:37]} Bg7 {[%clk 1:31:40]} 4. g3
{[%clk 1:32:04]} O-O {[%clk 1:32:01]} 5. Bg2 {[%clk 1:32:31]} d6 {[%clk 1:32:24]}
6. O-O {[%clk 1:32:54]} Nc6 {[%clk 1:32:43]} 7. Nc3 {[%clk 1:30:35]} Bf5
{[%clk 1:29:19]} 8. Re1 {[%clk 1:29:05]} e5 {[%clk 1:26:12]} 9. d5
{[%clk 1:27:12]} Ne7 {[%clk 1:24:25]} 10. e4 {[%clk 1:27:18]} Bd7
{[%clk 1:22:19]} 11. Rb1 {[%clk 1:24:24]} a5 {[%clk 1:18:44]} 12. c5
{[%clk 1:20:48]} Ne8 {[%clk 1:15:51]} 13. Be3 {[%clk 1:20:14]} h6
{[%clk 1:03:12]} 14. Qc1 {[%clk 1:18:41]} Kh7 {[%clk 1:02:36]} 15. b4
{[%clk 1:18:00]} a4 {[%clk 0:56:29]} 16. Nd2 {[%clk 1:17:30]} f5 {[%clk 0:54:37]}
17. f4 {[%clk 1:15:02]} fxe4 {[%clk 0:49:15]} 18. Ndxe4 {[%clk 1:07:09]} Nf5
{[%clk 0:47:07]} 19. Bf2 {[%clk 1:04:21]} exf4 {[%clk 0:44:08]} 20. Qxf4
{[%clk 1:04:31]} Be5 {[%clk 0:40:16]} 21. Qd2 {[%clk 1:04:45]} Nf6
{[%clk 0:39:56]} 22. Nxf6+ {[%clk 0:56:10]} Qxf6 {[%clk 0:39:56]} 23. Ne4
{[%clk 0:56:36]} Qg7 {[%clk 0:37:09]} 24. c6 {[%clk 0:42:18]} bxc6
{[%clk 0:30:53]} 25. dxc6 {[%clk 0:42:44]} Be6 {[%clk 0:30:25]} 26. b5
{[%clk 0:42:19]} Nd4 {[%clk 0:25:17]} 27. b6 {[%clk 0:41:29]} cxb6
{[%clk 0:23:10]} 28. Rxb6 {[%clk 0:41:30]} Rac8 {[%clk 0:16:07]} 29. Nxd6
{[%clk 0:39:11]} Rxf2 {[%clk 0:15:43]} 30. Qxf2 {[%clk 0:37:46]} Bxd6
{[%clk 0:16:07]} 31. Rb7 {[%clk 0:37:57]} Rc7 {[%clk 0:15:48]} 32. Rd1
{[%clk 0:37:16]} Bc8 {[%clk 0:11:04]} 33. Qxd4 {[%clk 0:35:03]} Be5
{[%clk 0:05:02]} 34. Rxc7 {[%clk 0:33:32]} Bxd4+ {[%clk 0:05:13]} 35. Rxd4
{[%clk 0:33:18]} Qxc7 {[%clk 0:05:36]} 36. Kf2 {[%clk 0:31:39]} Qf7+
{[%clk 0:05:35]} 37. Ke3 {[%clk 0:31:51]} Qxa2 {[%clk 0:05:49]} 38. Bd5
{[%clk 0:29:24]} Qa3+ {[%clk 0:04:47]} 39. Rd3 {[%clk 0:29:30]} Qc5+
{[%clk 0:05:10]} 40. Ke4 {[%clk 0:59:12]} Bf5+ {[%clk 0:35:32]} 0-1

[Event "Team men PL final"]
[Site "Sochi"]
[Date "2018.05.04"]
[Round "4.25"]
[White "Romanov, Evgeny"]
[Black "Artemiev, Vladislav"]
[Result "1/2-1/2"]
[BlackElo "2704"]
[WhiteElo "2619"]
[LiveChessVersion "1.4.8"]

1. e4 {[%clk 1:30:41]} c5 {[%clk 1:30:42]} 2. Nf3 {[%clk 1:31:02]} d6
{[%clk 1:30:22]} 3. Bb5+ {[%clk 1:31:03]} Bd7 {[%clk 1:29:11]} 4. c4
{[%clk 1:30:54]} Nc6 {[%clk 1:28:21]} 5. d4 {[%clk 1:30:09]} cxd4
{[%clk 1:28:40]} 6. Nxd4 {[%clk 1:30:33]} g6 {[%clk 1:28:39]} 7. Nc3
{[%clk 1:30:02]} Bg7 {[%clk 1:28:54]} 8. Be3 {[%clk 1:30:08]} Nf6
{[%clk 1:28:59]} 9. f3 {[%clk 1:26:05]} O-O {[%clk 1:27:37]} 10. Bxc6
{[%clk 1:25:15]} bxc6 {[%clk 1:27:51]} 11. O-O {[%clk 1:25:17]} e5
{[%clk 1:16:01]} 12. Nde2 {[%clk 1:13:32]} Be6 {[%clk 1:15:54]} 13. Qa4
{[%clk 1:13:25]} d5 {[%clk 1:15:44]} 14. cxd5 {[%clk 1:06:46]} cxd5
{[%clk 1:14:43]} 15. exd5 {[%clk 1:07:11]} Nxd5 {[%clk 1:15:08]} 16. Nxd5
{[%clk 1:07:36]} Qxd5 {[%clk 1:15:31]} 17. Rfd1 {[%clk 1:08:01]} Qb7
{[%clk 1:11:52]} 18. Rd2 {[%clk 1:07:40]} Rfd8 {[%clk 1:03:35]} 19. Rad1
{[%clk 1:04:10]} Rxd2 {[%clk 1:03:59]} 20. Rxd2 {[%clk 1:04:36]} e4
{[%clk 1:04:25]} 21. Nf4 {[%clk 0:48:48]} exf3 {[%clk 1:03:20]} 22. Nxe6
{[%clk 0:49:08]} fxe6 {[%clk 1:03:35]} 23. Qg4 {[%clk 0:47:52]} fxg2
{[%clk 0:38:14]} 24. Qxe6+ {[%clk 0:47:51]} Kh8 {[%clk 0:38:40]} 25. Bd4
{[%clk 0:40:28]} Bxd4+ {[%clk 0:30:24]} 26. Rxd4 {[%clk 0:40:50]} Rc8
{[%clk 0:27:35]} 27. Qf6+ {[%clk 0:36:54]} Kg8 {[%clk 0:27:01]} 28. Qe6+
{[%clk 0:37:10]} Kh8 {[%clk 0:27:10]} 29. Qf6+ {[%clk 0:37:31]} Kg8
{[%clk 0:27:28]} 30. Qe6+ Kh8 31. Qf6+ 1/2-1/2

[Event "Team men PL final"]
[Site "Sochi"]
[Date "2018.05.04"]
[Round "4.27"]
[White "Usmanov, Vasily"]
[Black "Timofeev, Artyom"]
[Result "1/2-1/2"]
[BlackElo "2579"]
[WhiteElo "2472"]
[LiveChessVersion "1.4.8"]

1. d4 {[%clk 1:30:56]} d5 {[%clk 1:30:51]} 2. c4 {[%clk 1:31:03]} e6
{[%clk 1:31:05]} 3. Nf3 {[%clk 1:31:11]} c6 {[%clk 1:31:14]} 4. Bg5
{[%clk 1:30:49]} Be7 {[%clk 1:31:28]} 5. Bxe7 {[%clk 1:31:13]} Qxe7
{[%clk 1:31:52]} 6. Nbd2 {[%clk 1:31:25]} Nf6 {[%clk 1:31:25]} 7. g3
{[%clk 1:31:25]} O-O {[%clk 1:23:50]} 8. Bg2 {[%clk 1:31:10]} b6 {[%clk 1:22:11]}
9. O-O {[%clk 1:31:20]} Bb7 {[%clk 1:22:31]} 10. Rc1 {[%clk 1:30:11]} Nbd7
{[%clk 1:20:37]} 11. cxd5 {[%clk 1:30:19]} cxd5 {[%clk 1:18:13]} 12. Qa4
{[%clk 1:24:50]} Qd6 {[%clk 1:14:55]} 13. e3 {[%clk 1:13:24]} a5 {[%clk 1:10:50]}
14. Rfd1 {[%clk 1:08:43]} Rfc8 {[%clk 1:01:11]} 15. Bf1 {[%clk 1:04:39]} Bc6
{[%clk 0:53:58]} 16. Qb3 {[%clk 0:42:03]} h6 {[%clk 0:50:04]} 17. Nb1
{[%clk 0:33:43]} Ne4 {[%clk 0:43:56]} 18. Nfd2 {[%clk 0:33:09]} Nef6
{[%clk 0:40:39]} 19. Nc3 {[%clk 0:30:36]} Qb4 {[%clk 0:38:38]} 20. a3
{[%clk 0:24:24]} Qxb3 {[%clk 0:38:09]} 21. Nxb3 {[%clk 0:24:51]} Kf8
{[%clk 0:38:16]} 22. Rd2 {[%clk 0:23:08]} Ke7 {[%clk 0:31:12]} 23. Rdc2
{[%clk 0:23:19]} Kd8 {[%clk 0:31:34]} 24. Nd2 {[%clk 0:20:47]} Bb7
{[%clk 0:27:23]} 25. Nb5 {[%clk 0:20:13]} Rxc2 {[%clk 0:27:21]} 26. Rxc2
{[%clk 0:20:40]} Ne8 {[%clk 0:27:41]} 27. Nf3 {[%clk 0:19:43]} f6
{[%clk 0:23:53]} 28. Nh4 {[%clk 0:10:22]} Nf8 {[%clk 0:21:17]} 29. Bd3
{[%clk 0:06:51]} Rc8 {[%clk 0:21:00]} 30. Rxc8+ {[%clk 0:06:32]} Bxc8
{[%clk 0:21:00]} 31. Kf1 {[%clk 0:06:46]} Bd7 {[%clk 0:20:45]} 32. Ke2
{[%clk 0:07:10]} g5 {[%clk 0:19:57]} 33. Nf3 {[%clk 0:07:37]} Ke7
{[%clk 0:17:58]} 34. h4 {[%clk 0:07:18]} Nd6 {[%clk 0:18:05]} 35. Nxd6
{[%clk 0:07:43]} Kxd6 {[%clk 0:18:29]} 36. hxg5 {[%clk 0:04:44]} hxg5
{[%clk 0:18:36]} 37. Nd2 {[%clk 0:05:10]} Be8 {[%clk 0:18:02]} 38. f4
{[%clk 0:05:34]} gxf4 {[%clk 0:18:07]} 39. gxf4 {[%clk 0:05:15]} Bh5+
{[%clk 0:18:16]} 40. Kf2 {[%clk 0:35:41]} Bg6 {[%clk 0:48:24]} 41. Ke2
{[%clk 0:36:05]} 1/2-1/2

[Event "Team men PL final"]
[Site "Sochi"]
[Date "2018.05.04"]
[Round "4.28"]
[White "Iljin, Artem"]
[Black "Popov, Valerij"]
[Result "1/2-1/2"]
[BlackElo "2528"]
[WhiteElo "2528"]
[LiveChessVersion "1.4.8"]

1. Nf3 {[%clk 1:30:51]} d5 {[%clk 1:30:51]} 2. e3 {[%clk 1:29:49]} c5
{[%clk 1:23:32]} 3. b3 {[%clk 1:15:22]} Nc6 {[%clk 1:23:43]} 4. Bb5
{[%clk 1:14:35]} f6 {[%clk 1:19:33]} 5. Nc3 {[%clk 0:56:13]} Bg4 {[%clk 1:08:05]}
6. h3 {[%clk 0:54:39]} Bh5 {[%clk 1:08:09]} 7. Ba3 {[%clk 0:52:50]} e5
{[%clk 0:50:00]} 8. e4 {[%clk 0:36:59]} d4 {[%clk 0:49:06]} 9. Bxc6+
{[%clk 0:34:45]} bxc6 {[%clk 0:49:21]} 10. Na4 {[%clk 0:35:01]} c4
{[%clk 0:35:19]} 11. Bxf8 {[%clk 0:35:12]} Kxf8 {[%clk 0:35:45]} 12. Qe2
{[%clk 0:33:19]} Bf7 {[%clk 0:30:19]} 13. c3 {[%clk 0:22:52]} Ne7
{[%clk 0:20:52]} 14. cxd4 {[%clk 0:15:05]} exd4 {[%clk 0:19:28]} 15. O-O
{[%clk 0:14:57]} g5 {[%clk 0:17:13]} 16. Rfc1 {[%clk 0:08:06]} Ng6
{[%clk 0:14:00]} 17. Rxc4 {[%clk 0:07:28]} Nf4 {[%clk 0:09:58]} 18. Qf1
{[%clk 0:07:54]} Bxc4 {[%clk 0:10:03]} 19. Qxc4 {[%clk 0:08:20]} Qd6
{[%clk 0:10:07]} 20. Re1 {[%clk 0:06:08]} d3 {[%clk 0:05:13]} 21. Nc5
{[%clk 0:06:03]} Re8 {[%clk 0:04:52]} 22. Re3 {[%clk 0:05:44]} Kg7
{[%clk 0:02:33]} 23. Nxd3 {[%clk 0:05:17]} Nxd3 {[%clk 0:01:42]} 24. Rxd3
{[%clk 0:05:43]} Qe6 {[%clk 0:02:08]} 25. Qxe6 {[%clk 0:04:46]} Rxe6
{[%clk 0:02:36]} 26. Rd7+ {[%clk 0:05:13]} Kg6 {[%clk 0:02:56]} 27. d3
{[%clk 0:05:39]} c5 {[%clk 0:03:24]} 28. Nd2 {[%clk 0:03:52]} Ra6
{[%clk 0:03:16]} 29. Nc4 {[%clk 0:01:48]} Rxa2 {[%clk 0:03:42]} 30. Ne3
{[%clk 0:02:12]} h5 {[%clk 0:04:09]} 31. Nf5 {[%clk 0:00:53]} Rh7
{[%clk 0:04:38]} 32. Ne7+ {[%clk 0:01:00]} Kh6 {[%clk 0:04:41]} 33. Ng8+
{[%clk 0:00:45]} Kg6 {[%clk 0:05:10]} 34. Ne7+ {[%clk 0:00:45]} Kh6
{[%clk 0:05:40]} 35. Nf5+ {[%clk 0:01:02]} Kg6 {[%clk 0:06:08]} 36. Ne7+
{[%clk 0:01:23]} 1/2-1/2

[Event "Team men PL final"]
[Site "Sochi"]
[Date "2018.05.04"]
[Round "4.29"]
[White "Palchun, Grigory"]
[Black "Hasangatin, Ramil"]
[Result "0-1"]
[BlackElo "2502"]
[WhiteElo "2454"]
[LiveChessVersion "1.4.8"]

1. e4 {[%clk 1:30:56]} c5 {[%clk 1:30:32]} 2. Nf3 {[%clk 1:30:59]} Nc6
{[%clk 1:30:54]} 3. d4 {[%clk 1:31:20]} cxd4 {[%clk 1:31:18]} 4. Nxd4
{[%clk 1:31:45]} e5 {[%clk 1:31:44]} 5. Nb5 {[%clk 1:30:09]} a6 {[%clk 1:31:55]}
6. Nd6+ {[%clk 1:29:56]} Bxd6 {[%clk 1:32:22]} 7. Qxd6 {[%clk 1:30:22]} Qe7
{[%clk 1:32:48]} 8. Qd3 {[%clk 1:26:04]} Nf6 {[%clk 1:28:44]} 9. Nc3
{[%clk 1:26:22]} d6 {[%clk 1:28:24]} 10. Bg5 {[%clk 1:17:54]} Be6
{[%clk 1:28:29]} 11. Be2 {[%clk 1:15:56]} Nd4 {[%clk 1:19:49]} 12. Nd5
{[%clk 1:06:25]} Bxd5 {[%clk 1:18:42]} 13. exd5 {[%clk 1:06:46]} Nxe2
{[%clk 1:12:25]} 14. Qxe2 {[%clk 1:05:02]} h6 {[%clk 1:12:28]} 15. Bxf6
{[%clk 1:05:06]} Qxf6 {[%clk 1:12:44]} 16. h4 {[%clk 1:02:21]} Qf4
{[%clk 1:10:43]} 17. c3 {[%clk 0:56:34]} Rc8 {[%clk 1:06:36]} 18. g3
{[%clk 0:38:17]} Qc4 {[%clk 1:02:34]} 19. Qxc4 {[%clk 0:38:29]} Rxc4
{[%clk 1:03:02]} 20. Ke2 {[%clk 0:37:26]} Ke7 {[%clk 1:02:25]} 21. a4
{[%clk 0:36:13]} Rc5 {[%clk 0:58:32]} 22. Rhd1 {[%clk 0:36:30]} g5
{[%clk 0:56:15]} 23. hxg5 {[%clk 0:33:12]} hxg5 {[%clk 0:56:40]} 24. Rac1
{[%clk 0:27:58]} f5 {[%clk 0:48:00]} 25. b4 {[%clk 0:25:16]} Rc4 {[%clk 0:47:42]}
26. Kd3 {[%clk 0:23:47]} b5 {[%clk 0:47:59]} 27. axb5 {[%clk 0:22:34]} axb5
{[%clk 0:48:24]} 28. Rh1 {[%clk 0:19:19]} e4+ {[%clk 0:45:44]} 29. Kd2
{[%clk 0:19:41]} Rcc8 {[%clk 0:39:26]} 30. Rxh8 {[%clk 0:15:56]} Rxh8
{[%clk 0:37:55]} 31. Ra1 {[%clk 0:16:21]} Rh2 {[%clk 0:33:24]} 32. Ke3
{[%clk 0:08:51]} Kf6 {[%clk 0:33:49]} 33. Ra2 {[%clk 0:06:08]} Rh8
{[%clk 0:33:08]} 34. c4 {[%clk 0:03:18]} Ke5 {[%clk 0:30:27]} 35. cxb5
{[%clk 0:02:56]} f4+ {[%clk 0:30:43]} 36. gxf4+ {[%clk 0:03:24]} gxf4+
{[%clk 0:31:07]} 37. Ke2 {[%clk 0:03:52]} Rb8 {[%clk 0:28:15]} 38. Ra5
{[%clk 0:02:54]} Kd4 {[%clk 0:25:26]} 39. Ra6 {[%clk 0:01:34]} f3+
{[%clk 0:18:33]} 40. Kd2 {[%clk 0:31:34]} Rxb5 {[%clk 0:45:22]} 41. Rxd6
{[%clk 0:03:54]} Rxb4 {[%clk 0:45:06]} 42. Ra6 {[%clk 0:03:20]} Rb2+
{[%clk 0:39:07]} 43. Ke1 {[%clk 0:03:48]} Rb1+ {[%clk 0:32:31]} 44. Kd2
{[%clk 0:04:14]} Rf1 {[%clk 0:31:51]} 45. Ra4+ {[%clk 0:01:18]} Ke5
{[%clk 0:31:37]} 46. d6 {[%clk 0:01:44]} Rxf2+ {[%clk 0:31:52]} 47. Kc1
{[%clk 0:00:56]} Re2 {[%clk 0:23:16]} 48. d7 {[%clk 0:00:58]} f2 {[%clk 0:23:35]}
49. Ra5+ {[%clk 0:01:24]} Kf4 {[%clk 0:23:36]} 50. Rd5 {[%clk 0:01:30]} f1=Q+
{[%clk 0:23:21]} 51. Rd1 {[%clk 0:01:58]} Qh3 {[%clk 0:22:48]} 0-1

[Event "Team men PL final"]
[Site "Sochi"]
[Date "2018.05.04"]
[Round "4.30"]
[White "Faizrakhmanov, Ramil"]
[Black "Saveliev, Alexei"]
[Result "1/2-1/2"]
[BlackElo "2354"]
[WhiteElo "2419"]
[LiveChessVersion "1.4.8"]

1. d4 {[%clk 1:30:53]} Nf6 {[%clk 1:30:52]} 2. c4 {[%clk 1:31:10]} e6
{[%clk 1:31:17]} 3. Nf3 {[%clk 1:31:26]} b6 {[%clk 1:31:40]} 4. g3
{[%clk 1:31:28]} Ba6 {[%clk 1:32:04]} 5. b3 {[%clk 1:31:27]} Bb4+
{[%clk 1:32:24]} 6. Bd2 {[%clk 1:31:40]} Be7 {[%clk 1:32:49]} 7. Nc3
{[%clk 1:30:46]} d5 {[%clk 1:32:43]} 8. cxd5 {[%clk 1:30:38]} exd5
{[%clk 1:33:09]} 9. Bg2 {[%clk 1:30:50]} O-O {[%clk 1:33:00]} 10. O-O
{[%clk 1:31:03]} Bb7 {[%clk 1:33:22]} 11. Bc1 {[%clk 1:29:22]} Na6
{[%clk 1:25:55]} 12. Bb2 {[%clk 1:27:02]} Qc8 {[%clk 1:23:42]} 13. Rc1
{[%clk 1:23:51]} Qe6 {[%clk 1:12:36]} 14. e3 {[%clk 1:22:59]} h6 {[%clk 1:12:17]}
15. Ne5 {[%clk 1:19:59]} Rfd8 {[%clk 1:09:17]} 16. Ne2 {[%clk 1:19:15]} Bf8
{[%clk 1:06:51]} 17. Nf4 {[%clk 1:14:51]} Qe8 {[%clk 1:07:09]} 18. Qc2
{[%clk 1:12:02]} c5 {[%clk 0:55:41]} 19. dxc5 {[%clk 1:11:30]} bxc5
{[%clk 0:51:05]} 20. Rfd1 {[%clk 1:09:46]} Rab8 {[%clk 0:43:43]} 21. Qe2
{[%clk 1:08:10]} Nb4 {[%clk 0:34:31]} 22. Ned3 {[%clk 0:43:12]} Nxd3
{[%clk 0:30:50]} 23. Qxd3 {[%clk 0:36:12]} Ne4 {[%clk 0:29:53]} 24. Qe2
{[%clk 0:31:10]} a5 {[%clk 0:23:18]} 25. Qh5 {[%clk 0:27:32]} Qc6
{[%clk 0:13:21]} 26. Nd3 {[%clk 0:22:28]} Ba6 {[%clk 0:12:00]} 27. Ne5
{[%clk 0:21:25]} Qe6 {[%clk 0:10:11]} 28. Qh3 {[%clk 0:15:23]} Qf6
{[%clk 0:05:56]} 29. f3 {[%clk 0:13:11]} Ng5 {[%clk 0:05:45]} 30. Qh4
{[%clk 0:13:06]} Bb7 {[%clk 0:02:00]} 31. f4 {[%clk 0:10:24]} Nh7
{[%clk 0:01:43]} 32. Qxf6 {[%clk 0:09:34]} Nxf6 {[%clk 0:02:12]} 33. Nd3
{[%clk 0:07:50]} Ng4 {[%clk 0:01:25]} 34. Nxc5 {[%clk 0:03:06]} Nxe3
{[%clk 0:01:20]} 35. Rd3 {[%clk 0:02:28]} Nxg2 {[%clk 0:01:03]} 36. Kxg2
{[%clk 0:02:49]} Bxc5 {[%clk 0:00:43]} 37. Rxc5 {[%clk 0:03:17]} Rbc8
{[%clk 0:00:33]} 38. Rxc8 {[%clk 0:02:29]} Rxc8 {[%clk 0:00:56]} 39. Rd2
{[%clk 0:02:50]} f6 {[%clk 0:00:34]} 40. Kf2 {[%clk 0:32:47]} Kf7
{[%clk 0:30:47]} 41. Ke3 {[%clk 0:29:33]} Ke6 {[%clk 0:29:03]} 1/2-1/2

[Event "Team men PL final"]
[Site "Sochi"]
[Date "2018.05.05"]
[Round "5.1"]
[White "Artemiev, Vladislav"]
[Black "Svidler, Peter"]
[Result "1/2-1/2"]
[BlackElo "2760"]
[WhiteElo "2704"]
[LiveChessVersion "1.4.8"]

1. Nf3 {[%clk 1:30:42]} Nf6 {[%clk 1:30:43]} 2. c4 {[%clk 1:30:56]} c5
{[%clk 1:30:19]} 3. Nc3 {[%clk 1:30:40]} Nc6 {[%clk 1:30:13]} 4. e3
{[%clk 1:30:20]} e6 {[%clk 1:20:49]} 5. d4 {[%clk 1:30:20]} d5 {[%clk 1:21:14]}
6. cxd5 {[%clk 1:30:09]} Nxd5 {[%clk 1:20:28]} 7. Bd3 {[%clk 1:28:50]} Be7
{[%clk 1:20:45]} 8. O-O {[%clk 1:28:47]} O-O {[%clk 1:19:02]} 9. a3
{[%clk 1:19:36]} cxd4 {[%clk 1:13:16]} 10. exd4 {[%clk 1:19:30]} Bf6
{[%clk 1:13:38]} 11. Be4 {[%clk 1:18:38]} Nce7 {[%clk 1:04:59]} 12. Ne5
{[%clk 1:14:29]} Nf5 {[%clk 0:47:08]} 13. Re1 {[%clk 1:07:21]} Nde7
{[%clk 0:43:32]} 14. Be3 {[%clk 1:00:48]} Nxe3 {[%clk 0:40:01]} 15. fxe3
{[%clk 0:55:47]} Bxe5 {[%clk 0:27:49]} 16. dxe5 {[%clk 0:56:11]} Qa5
{[%clk 0:27:51]} 17. Qd6 {[%clk 0:48:13]} Nf5 {[%clk 0:27:43]} 18. Bxf5
{[%clk 0:48:28]} exf5 {[%clk 0:28:08]} 19. b4 {[%clk 0:48:16]} Qd8
{[%clk 0:25:39]} 20. Rac1 {[%clk 0:37:35]} a5 {[%clk 0:19:12]} 21. Nd5
{[%clk 0:32:32]} Be6 {[%clk 0:19:15]} 22. Nc7 {[%clk 0:29:59]} Qxd6
{[%clk 0:18:26]} 23. exd6 {[%clk 0:30:22]} Rad8 {[%clk 0:18:55]} 24. Red1
{[%clk 0:30:41]} axb4 {[%clk 0:18:53]} 25. axb4 {[%clk 0:31:06]} Rd7
{[%clk 0:18:07]} 26. Nxe6 {[%clk 0:09:39]} fxe6 {[%clk 0:18:08]} 27. Rc7
{[%clk 0:10:06]} Rfd8 {[%clk 0:17:12]} 28. Rxd7 {[%clk 0:10:28]} Rxd7
{[%clk 0:17:38]} 29. e4 {[%clk 0:10:53]} fxe4 {[%clk 0:17:57]} 30. Kf2
{[%clk 0:11:19]} Kf7 {[%clk 0:18:11]} 31. Ke3 {[%clk 0:11:44]} e5
{[%clk 0:18:35]} 32. Kxe4 {[%clk 0:12:09]} Ke6 {[%clk 0:19:03]} 33. Rd5
{[%clk 0:12:31]} Rxd6 {[%clk 0:17:45]} 34. Rxe5+ {[%clk 0:12:28]} Kd7
{[%clk 0:14:45]} 35. Rh5 {[%clk 0:07:57]} Rg6 {[%clk 0:11:04]} 36. g3
{[%clk 0:07:56]} h6 {[%clk 0:11:27]} 37. Kd5 {[%clk 0:06:05]} Rf6
{[%clk 0:09:16]} 38. Kc5 {[%clk 0:01:53]} g5 {[%clk 0:08:04]} 39. h4 Kc7
{[%clk 0:06:17]} 40. hxg5 {[%clk 0:31:08]} Rf5+ {[%clk 0:37:10]} 41. Kc4
{[%clk 0:31:16]} hxg5 {[%clk 0:37:11]} 42. Rh7+ {[%clk 0:31:40]} Kc6
{[%clk 0:37:34]} 43. Rh6+ {[%clk 0:31:15]} Kc7 {[%clk 0:37:58]} 44. Rg6
{[%clk 0:31:29]} Re5 {[%clk 0:37:53]} 45. b5 {[%clk 0:30:36]} b6 {[%clk 0:36:06]}
46. Rg7+ {[%clk 0:27:54]} Kd6 {[%clk 0:36:26]} 47. Rb7 {[%clk 0:28:12]} Re4+
{[%clk 0:36:43]} 48. Kd3 {[%clk 0:28:38]} Rg4 {[%clk 0:37:04]} 49. Rxb6+
{[%clk 0:29:04]} Kc5 {[%clk 0:37:28]} 50. Rb8 {[%clk 0:29:26]} 1/2-1/2

[Event "Team men PL final"]
[Site "Sochi"]
[Date "2018.05.05"]
[Round "5.3"]
[White "Timofeev, Artyom"]
[Black "Fedoseev, Vladimir"]
[Result "1/2-1/2"]
[BlackElo "2706"]
[WhiteElo "2579"]
[LiveChessVersion "1.4.8"]

1. e4 {[%clk 1:30:54]} c5 {[%clk 1:30:55]} 2. Nf3 {[%clk 1:31:14]} d6
{[%clk 1:31:18]} 3. Bb5+ {[%clk 1:31:10]} Nc6 {[%clk 1:30:36]} 4. O-O
{[%clk 1:29:40]} Bd7 {[%clk 1:30:57]} 5. Re1 {[%clk 1:29:58]} a6 {[%clk 1:29:48]}
6. Bxc6 {[%clk 1:29:42]} Bxc6 {[%clk 1:29:37]} 7. d4 {[%clk 1:29:53]} cxd4
{[%clk 1:27:20]} 8. Nxd4 {[%clk 1:30:01]} Bd7 {[%clk 1:18:27]} 9. c4
{[%clk 1:25:48]} e6 {[%clk 1:18:37]} 10. b3 {[%clk 1:19:57]} Nf6 {[%clk 1:14:58]}
11. a4 {[%clk 1:17:13]} Be7 {[%clk 1:10:11]} 12. Nc3 {[%clk 1:11:09]} Qa5
{[%clk 1:08:45]} 13. Qd2 {[%clk 1:10:18]} Rd8 {[%clk 0:59:42]} 14. Ba3
{[%clk 1:08:14]} Bc8 {[%clk 0:58:35]} 15. Rad1 {[%clk 0:59:14]} Qc7
{[%clk 0:54:24]} 16. h3 {[%clk 0:56:42]} O-O {[%clk 0:52:31]} 17. Qe3
{[%clk 0:52:10]} Rfe8 {[%clk 0:49:20]} 18. Nf3 {[%clk 0:51:45]} Bf8
{[%clk 0:44:13]} 19. e5 {[%clk 0:46:05]} dxe5 {[%clk 0:43:56]} 20. Bxf8
{[%clk 0:46:22]} Rxf8 {[%clk 0:42:11]} 21. Nxe5 {[%clk 0:46:34]} b6
{[%clk 0:41:33]} 22. Rxd8 {[%clk 0:41:31]} Rxd8 {[%clk 0:41:51]} 23. Rd1
{[%clk 0:41:52]} Rxd1+ {[%clk 0:42:08]} 24. Nxd1 {[%clk 0:42:17]} Ne8
{[%clk 0:29:25]} 25. Qd4 {[%clk 0:31:42]} Nd6 {[%clk 0:28:20]} 26. Ne3
{[%clk 0:27:32]} Nb7 {[%clk 0:23:41]} 27. Nd3 {[%clk 0:27:05]} Bd7
{[%clk 0:23:59]} 28. Qe5 {[%clk 0:24:06]} Qxe5 {[%clk 0:24:11]} 29. Nxe5
{[%clk 0:24:31]} Be8 {[%clk 0:24:36]} 30. Nd3 {[%clk 0:23:55]} f6
{[%clk 0:23:34]} 31. Kf1 {[%clk 0:22:46]} Kf8 {[%clk 0:21:20]} 32. Ke2
{[%clk 0:21:45]} Ke7 {[%clk 0:21:32]} 33. Kd2 {[%clk 0:17:09]} Kd6
{[%clk 0:16:02]} 34. Kc3 {[%clk 0:15:07]} a5 {[%clk 0:15:12]} 35. f3
{[%clk 0:12:20]} g5 {[%clk 0:13:38]} 36. Ng4 {[%clk 0:11:34]} Ke7
{[%clk 0:13:49]} 37. b4 {[%clk 0:08:36]} Bxa4 {[%clk 0:08:44]} 38. b5
{[%clk 0:08:58]} h5 {[%clk 0:09:07]} 39. Ngf2 {[%clk 0:06:55]} f5
{[%clk 0:06:10]} 40. Nb2 {[%clk 0:35:09]} Nc5 {[%clk 0:37:05]} 41. Nfd3
{[%clk 0:32:49]} Nxd3 {[%clk 0:35:10]} 42. Nxd3 {[%clk 0:32:22]} Bd1
{[%clk 0:35:12]} 43. c5 {[%clk 0:32:02]} bxc5 {[%clk 0:26:06]} 44. b6
{[%clk 0:31:03]} Kd6 {[%clk 0:26:05]} 45. Nxc5 {[%clk 0:29:00]} g4
{[%clk 0:25:06]} 46. b7 {[%clk 0:28:52]} Kc7 {[%clk 0:25:29]} 47. hxg4
{[%clk 0:28:56]} fxg4 {[%clk 0:24:55]} 48. Nxe6+ {[%clk 0:29:06]} Kxb7
{[%clk 0:25:17]} 49. fxg4 {[%clk 0:29:29]} Bxg4 {[%clk 0:25:40]} 50. Nf4
{[%clk 0:29:51]} Kc6 {[%clk 0:26:07]} 51. g3 {[%clk 0:30:12]} Kd6
{[%clk 0:26:28]} 52. Kc4 {[%clk 0:30:31]} Ke5 {[%clk 0:26:49]} 53. Kb5
{[%clk 0:30:50]} Ke4 {[%clk 0:27:14]} 54. Nxh5 {[%clk 0:31:13]} Bxh5
{[%clk 0:27:09]} 55. Kxa5 {[%clk 0:31:39]} Kf3 {[%clk 0:28:01]} 56. g4
{[%clk 0:32:03]} Bxg4 {[%clk 0:28:26]} 1/2-1/2

[Event "Team men PL final"]
[Site "Sochi"]
[Date "2018.05.05"]
[Round "5.4"]
[White "Matlakov, Maxim"]
[Black "Iljin, Artem"]
[Result "1-0"]
[BlackElo "2528"]
[WhiteElo "2704"]
[LiveChessVersion "1.4.8"]

1. e4 {[%clk 1:30:57]} e5 {[%clk 1:30:16]} 2. Nf3 {[%clk 1:31:20]} Nf6
{[%clk 1:30:22]} 3. d4 {[%clk 1:31:36]} Nxe4 {[%clk 1:29:49]} 4. dxe5
{[%clk 1:31:55]} d5 {[%clk 1:28:33]} 5. Nbd2 {[%clk 1:32:09]} Qd7
{[%clk 1:26:40]} 6. Nb3 {[%clk 1:31:34]} Na6 {[%clk 1:05:24]} 7. Be2
{[%clk 1:09:35]} Nac5 {[%clk 0:52:20]} 8. Nbd4 {[%clk 0:59:12]} g6
{[%clk 0:45:41]} 9. c4 {[%clk 0:56:33]} Bg7 {[%clk 0:23:46]} 10. cxd5
{[%clk 0:50:03]} Qxd5 {[%clk 0:23:10]} 11. Qc2 {[%clk 0:49:17]} Ne6
{[%clk 0:19:47]} 12. Nb3 {[%clk 0:44:58]} N4c5 {[%clk 0:17:54]} 13. Bc4
{[%clk 0:39:22]} Qc6 {[%clk 0:14:06]} 14. Be3 {[%clk 0:37:34]} Nxb3
{[%clk 0:13:38]} 15. Qxb3 {[%clk 0:37:44]} O-O {[%clk 0:13:45]} 16. O-O
{[%clk 0:37:44]} a6 {[%clk 0:11:20]} 17. Rac1 {[%clk 0:35:15]} Qe8
{[%clk 0:11:15]} 18. Qa3 {[%clk 0:32:12]} Bd7 {[%clk 0:10:14]} 19. Bd5
{[%clk 0:24:41]} Rb8 {[%clk 0:10:23]} 20. Rfd1 {[%clk 0:23:55]} Bb5
{[%clk 0:09:12]} 21. Rd2 {[%clk 0:22:15]} Qc8 {[%clk 0:09:00]} 22. Qb4
{[%clk 0:18:35]} Re8 {[%clk 0:08:09]} 23. Qh4 {[%clk 0:13:49]} h5
{[%clk 0:05:58]} 24. h3 {[%clk 0:14:07]} Bf8 {[%clk 0:03:23]} 25. g4
{[%clk 0:13:06]} Be7 {[%clk 0:03:13]} 26. Ng5 {[%clk 0:12:58]} Kg7
{[%clk 0:02:12]} 27. gxh5 {[%clk 0:09:20]} Nxg5 {[%clk 0:02:03]} 28. Bxg5
{[%clk 0:09:43]} Bxg5 {[%clk 0:02:09]} 29. Qxg5 {[%clk 0:10:07]} Qf5
{[%clk 0:02:19]} 30. Qxf5 {[%clk 0:09:48]} gxf5 {[%clk 0:02:45]} 31. Rxc7
{[%clk 0:09:48]} Rxe5 {[%clk 0:03:01]} 32. Bxf7 {[%clk 0:09:57]} Re1+
{[%clk 0:02:14]} 33. Kh2 {[%clk 0:09:53]} Kf6 {[%clk 0:02:29]} 34. Kg3
{[%clk 0:08:49]} Re4 {[%clk 0:02:08]} 35. f4 {[%clk 0:06:45]} 1-0